<?xml version="1.0" encoding="UTF-8"?>
<collection xmlns="http://www.loc.gov/MARC21/slim">
 <record>
  <leader>01486nam a2200229 a 4500</leader>
  <controlfield tag="001">1/53495</controlfield>
  <controlfield tag="008">210905s2015    gr       b    100 | gre d</controlfield>
  <datafield tag="020" ind1=" " ind2=" ">
   <subfield code="a">9789605624712 </subfield>
  </datafield>
  <datafield tag="040" ind1=" " ind2=" ">
   <subfield code="a">GR-PeUP</subfield>
  </datafield>
  <datafield tag="082" ind1="0" ind2="0">
   <subfield code="a">341.242209495 ΕΠΙ</subfield>
  </datafield>
  <datafield tag="111" ind1="2" ind2="4">
   <subfield code="a">Επιστημονικό Συνέδριο Ελλάδα και Ευρωπαϊκή Ένωση στο Σταυροδρόμι Κρίσιμων Εξελίξεων</subfield>
   <subfield code="d">(2013 :</subfield>
   <subfield code="c">Λουτράκι, Κορινθία)</subfield>
  </datafield>
  <datafield tag="245" ind1="1" ind2="0">
   <subfield code="a">Ελλάδα και Ευρωπαϊκή Ένωση στο σταυροδρόμι κρίσιμων εξελίξεων :</subfield>
   <subfield code="b">πολιτικές, στρατηγικές επιλογές και προοπτικές : τόμος πρακτικών επιστημονικού συνεδρίου Λουτράκι, 6-8 Δεκεμβρίου 2013 /</subfield>
   <subfield code="c">επιστημονική επιτροπή Νικόλαος Τζιφάκης... [κ.ά.]</subfield>
  </datafield>
  <datafield tag="260" ind1=" " ind2=" ">
   <subfield code="a">Αθήνα :</subfield>
   <subfield code="b">Νομική Βιβλιοθήκη,</subfield>
   <subfield code="c">2015.</subfield>
  </datafield>
  <datafield tag="300" ind1=" " ind2=" ">
   <subfield code="a">585 σ. ;</subfield>
   <subfield code="c">24 εκ.</subfield>
  </datafield>
  <datafield tag="504" ind1=" " ind2=" ">
   <subfield code="a">Περιέχει βιβλιογραφία.</subfield>
  </datafield>
  <datafield tag="610" ind1="2" ind2="0">
   <subfield code="a">Ευρωπαϊκή Ένωση</subfield>
   <subfield code="x">Σχέσεις</subfield>
   <subfield code="z">Ελλάδα..</subfield>
  </datafield>
  <datafield tag="610" ind1="2" ind2="0">
   <subfield code="a">European Union</subfield>
   <subfield code="x">Relations</subfield>
   <subfield code="z">Greece..</subfield>
  </datafield>
  <datafield tag="651" ind1=" " ind2="4">
   <subfield code="a">Ελλάδα</subfield>
   <subfield code="x">Σχέσεις</subfield>
   <subfield code="x">Ευρωπαϊκή Ένωση.</subfield>
  </datafield>
  <datafield tag="651" ind1=" " ind2="0">
   <subfield code="a">Greece</subfield>
   <subfield code="x">Relations</subfield>
   <subfield code="y">European Union.</subfield>
  </datafield>
  <datafield tag="700" ind1="1" ind2=" ">
   <subfield code="a">Τζιφάκης, Νικόλαος.</subfield>
  </datafield>
  <datafield tag="852" ind1=" " ind2=" ">
   <subfield code="a">INST</subfield>
   <subfield code="b">UNIPILB</subfield>
   <subfield code="c">MAIN</subfield>
   <subfield code="e">20210905</subfield>
   <subfield code="h">341.242209495 ΕΠΙ</subfield>
   <subfield code="p">00183820</subfield>
   <subfield code="q">00183820</subfield>
   <subfield code="t">LOAN</subfield>
   <subfield code="y">0</subfield>
   <subfield code="4">1</subfield>
  </datafield>
  <datafield tag="960" ind1=" " ind2=" ">
   <subfield code="a">ΜΑΡΙΑ ΒΕΛ</subfield>
  </datafield>
 </record>
</collection>
